000 00406nam a22001577a 4500
005 20200528141026.0
008 200528b xxu||||| |||| 00| 0 eng d
041 _aeng
082 _a340
100 _aBARE ACT
_95744
245 _aTHE SEXUAL HARASSMENT OF WOMEN AT WORK PLACE ACT, 2013 (14-2013)
260 _aDELHI
_bPROFESSIONAL BOOK PUBLISHERS
300 _a27;p
650 _aLAW
_95701
942 _cBK
999 _c6591
_d6589